ბათუმის შოთა რუსთაველის სახელმწიფო უნივერსიტეტის ბიბლიოთეკა

სსრ კავშირის ეკონომიური გეოგრაფია : (ბიბ.ჩანაწერი № 64035)

000 -ლიდერი
ფიქსირებული სიგრძის საკონტროლო ველი 01257nam a22002057a 4500
003 - საკონტროლო ნომრის იდენტიფიკატორი
საკონტროლო ველი Ge_BSU
005 - ბოლო ოპერაციის თარიღი და დრო
საკონტროლო ველი 20260313160149.0
008 - ფიქსირებული სიგრძის მონაცემთა ელემენტები - ზოგადი ინფორმაცია
ფიქსირებული სიგრძის საკონტროლო ველი 260313s1961 ge ||||| |||| 00| 0 geo d
041 ## - ენის კოდი
Language code of text/sound track or separate title geo
080 ## - უნივერსალური ათობითი კლასიფიკაციის ინდექსი
Universal Decimal Classification number 911.3:33(47+57) ს-13
245 ## - ცნობა სათაურის შესახებ
Title სსრ კავშირის ეკონომიური გეოგრაფია :
Remainder of title სსრკ სახალხო მეურნეობის დარგების ზოგადი დახასიათება /
Statement of responsibility, etc გ.ნ. ჩერდანცევის, ნ.ბ. ნიკიტინის, ბ.ა. ტუტიხინის რედ.
264 ## - წარმოების, გამოცემის, დისტრიბუციის და სხვა ცნობები
გამოცემის, წარმოების, დისტრიბუციის... ადგილი თბ. :
გამოცემის, წარმოების, დისტრიბუციის... სახელწოდება თბილ. უნ-ტის გამ-ბა,
გამოცემის, წარმოების, დისტრიბუციის... თარიღი 1961.
300 ## - ფიზიკური აღწერა
Extent 391გვ. :
Other physical details ილ.;
Dimensions 24სმ.
653 ## - INDEX TERM--UNCONTROLLED
Uncontrolled term სსრ კავშირის ეკონომიური გეოგრაფია
653 ## - INDEX TERM--UNCONTROLLED
Uncontrolled term სსრ კავშირის სახალხო მეურნეობა
700 ## - ADDED ENTRY--PERSONAL NAME
Personal name ჩერდანცევი, გ.ნ.
Relator term რედაქტორი
9 (RLIN) 27132
700 ## - ADDED ENTRY--PERSONAL NAME
Personal name ნიკიტინი, ნ.ბ.
Relator term რედაქტორი
9 (RLIN) 27133
700 ## - ADDED ENTRY--PERSONAL NAME
Personal name ტუტიხინი, ბ.ა.
Relator term რედაქტორი
9 (RLIN) 27134
942 ## - ADDED ENTRY ELEMENTS (KOHA)
Source of classification or shelving scheme
Koha item type წიგნი
ეგზემპლარები
ჩამოწერის სტატუსი დაკარგული ეგზემპლარის სტატუსი კლასიფიკაციის წყარო ან თაროზე გაწყობის სქემა დაზიანების სტატუსი არ გაიცემა მუდმივი მდებარეობა (დაცვის ადგილი) ამჟამინდელი ადგილსამყოფელი თაროზე განთავსების ადგილი შეძენის თარიღი ღირებულება, შესყიდვის ნორმალური ფასი სრული შენახვის შიფრი შტრიხკოდი ბოლო ოპერაციის თარიღი ეგზემპლარის მიმდევრობითი ნომერი (კეტერი?) ფასის ძალაში შესვლის თარიღი ეგზემპლარის სახეობა საჯარო შენიშვნა
          ბათუმის შოთა რუსთაველის სახელმწიფო უნივერსიტეტის მთავარი ბიბლიოთეკა ბათუმის შოთა რუსთაველის სახელმწიფო უნივერსიტეტის მთავარი ბიბლიოთეკა წიგნსაცავი 2026-03-13 3.00 911.3:33(47+57) ს-13 73932 2026-03-13 73932 2026-03-13 წიგნი 3 ლ.
          ბათუმის შოთა რუსთაველის სახელმწიფო უნივერსიტეტის მთავარი ბიბლიოთეკა ბათუმის შოთა რუსთაველის სახელმწიფო უნივერსიტეტის მთავარი ბიბლიოთეკა წიგნსაცავი 2026-03-13 3.00 911.3:33(47+57) ს-13 73933 2026-03-13 73933 2026-03-13 წიგნი 3 ლ.